000 00398nam a22001697a 4500
003 SGT
020 _a9781610025218
082 _a616.024
_bR21K
100 _aKIMBERLIN, DAVID W.
245 _aRED BOOK 2021-2024
250 _a32ND
260 _aU.S.A.
_bAMERICAN ACADEMY OF PEDIATRIC
_c2021
300 _a1146
650 _aGENERAL MEDICINE
653 _aRED BOOK 2021-2024
942 _2ddc
_cBK
999 _c23247
_d23247